Länder A bis Z - Statistiken

Allgemein
  • Dieses Quiz wurde 259 mal gespielt
  • Das Durchschnittsergebnis liegt bei 56 aus 194
Antwortstatistiken
Antwort % Korrekt
Albanien
63%
Belgien
63%
Deutschland
63%
China
59%
Finnland
54%
Frankreich
54%
Andorra
53%
Australien
52%
Vereinigte Staaten
51%
Afghanistan
50%
Argentinien
50%
Russland
50%
Armenien
49%
Chile
49%
Dänemark
49%
Estland
49%
Kanada
49%
Schweden
49%
Brasilien
48%
Japan
48%
Niederlande
48%
Norwegen
47%
Ägypten
46%
Island
46%
Spanien
46%
Belarus
44%
Luxembourg
44%
Aserbaidschan
43%
Griechenland
43%
Irland
43%
Lettland
43%
Portugal
43%
Zypern
43%
Algerien
42%
Indien
42%
Italien
42%
Österreich
42%
Schweiz
42%
Irak
40%
Iran
39%
Mexiko
39%
Bosnien und Herzegowina
38%
Bulgarien
38%
Litauen
38%
Tschechien
38%
Angola
37%
Türkei
37%
Ukraine
37%
Bolivien
36%
Israel
36%
Kroatien
36%
Ungarn
36%
Indonesien
35%
Kolumbien
35%
Peru
35%
Vatikanstadt
35%
Costa Rica
34%
Demokratische Republik Kongo
34%
Niger
34%
Venezuela
34%
Kongo
33%
Neuseeland
33%
Rumänien
33%
Georgien
32%
Ghana
32%
Jamaika
32%
Kasachstan
32%
Saudi Arabien
32%
Slowakei
32%
Slowenien
32%
Südafrika
32%
Bhutan
31%
Haiti
31%
Jemen
31%
Malta
31%
Nordmazedonien
31%
Bangladesch
30%
Dominikanische Republik
30%
Honduras
30%
Jordanien
30%
Katar
30%
Kuba
30%
Monaco
30%
Mongolei
30%
Nigeria
30%
Oman
30%
Serbien
30%
Thailand
30%
Usbekistan
30%
Kosovo
29%
Madagaskar
29%
Moldawien
29%
San Marino
29%
Vietnam
29%
Bahamas
28%
Ecuador
28%
Fidschi
28%
Kenia
28%
Marokko
28%
Pakistan
28%
Sudan
28%
Tunesien
28%
Äthiopien
27%
Malaysia
27%
Montenegro
27%
Antigua
26%
Bahrain
26%
Eritrea
26%
Guinea
26%
Malediven
26%
Namibia
26%
Panama
26%
Syrien
26%
Belize
25%
Laos
25%
Südsudan
25%
Turkmenistan
25%
El Salvador
24%
Libyen
24%
Mali
24%
Nepal
24%
Barbados
23%
Benin
23%
Burundi
23%
Äquatorialguinea
22%
Guyana
22%
Singapur
22%
Sri lanka
22%
Brunei
21%
Dominica
21%
Gambia
21%
Guinea bissau
21%
Kirgistan
21%
Lesotho
21%
Libanon
21%
Lichtenstein
21%
Senegal
21%
Tadschikistan
21%
Tschad
21%
Uganda
21%
Zentralafrikanische Republik
21%
Burkina Faso
20%
Dschibuti
20%
Eswatini
20%
Grenada
20%
Kambodscha
20%
Kamerun
20%
Kuwait
20%
Mauretanien
20%
Myanmar
20%
Somalia
20%
Suriname
20%
Taiwan
20%
Togo
20%
Mauritius
19%
Nicaragua
19%
Seychellen
19%
St. Lucia
19%
Tansania
19%
Großbrittanien
18%
Komoren
18%
Mikronesien
18%
Mosambik
18%
Simbabwe
18%
St. Kitts und Nevis
18%
St. Vincent und die Grenadinen
18%
Trinidad und Tobago
18%
Liberia
17%
Palau
17%
Ruanda
17%
Osttimor
16%
Tuvalu
16%
Gabun
15%
Nauru
15%
Sambia
15%
Vanuatu
15%
Marshallinseln
14%
Sao Tome und Principe
14%
Kiribati
13%
Samoa
13%
Sierra leone
13%
Tonga
13%
Malawi
12%
Salomonen
11%
Paraguy
4%
Antarktika
3%
Spitzbergen
3%
Uruguy
3%
Cap verde
2%
Papua neuginea
2%
Korea Nord
1%
Korea Süd
1%
Bostuana
0%
Vereingte Arabische Emirate
0%
Keine übereinstimmenden Quizze gefunden
Verteilung der Resultate
Anzahl Personen mit jedem Resultat
Perzentil nach korrekt beantworteten Fragen
Ihre Resultats-Entwicklung
Sie haben dieses Quiz noch nicht gespielt